|
|
|
|
| LEADER |
02110cas a2200301 a 4500 |
| 001 |
AALejournalIMF021801 |
| 008 |
230101c9999 xx r poo 0 0eng d |
| 020 |
|
|
|c 5.00 USD
|
| 020 |
|
|
|z 9781513578477
|
| 022 |
|
|
|a 2663-3493
|
| 040 |
|
|
|a BD-DhAAL
|c BD-DhAAL
|
| 110 |
2 |
|
|a International Monetary Fund.
|b Strategy, Policy, and Review Department.
|
| 245 |
1 |
0 |
|a 2021 Comprehensive Surveillance Review :
|b Modalities for Modernizing Surveillance.
|
| 264 |
|
1 |
|a Washington, D.C. :
|b International Monetary Fund,
|c 2021.
|
| 300 |
|
|
|a 1 online resource (30 pages)
|
| 490 |
1 |
|
|a Policy Papers
|
| 500 |
|
|
|a <strong>Off-Campus Access:</strong> No User ID or Password Required
|
| 500 |
|
|
|a <strong>On-Campus Access:</strong> No User ID or Password Required
|
| 506 |
|
|
|a Electronic access restricted to authorized BRAC University faculty, staff and students
|
| 520 |
3 |
|
|a Modern Fund surveillance needs to be more targeted, topical and timely, better interconnected and better informed. Modernizing surveillance will likely require additional resources, although estimates are highly uncertain at this stage. The paper offers a tentative costing of new proposals with significant budgetary implications. Other proposals could rely on optimizing processes, while others are underway and funded separately; the resource implications of yet others are being picked up in context of other workstreams. Estimates do not include short-term transition costs or pressures on support services and are subject to a significant degree of uncertainty. A flexible approach to implementing the new modalities, characterized by experimentation and learning-by- doing-a 'sandbox' for new modalities-is proposed.
|
| 538 |
|
|
|a Mode of access: Internet
|
| 650 |
|
7 |
|a Climate
|2 imf
|
| 650 |
|
7 |
|a Global Warming
|2 imf
|
| 650 |
|
7 |
|a Monetary Policy
|2 imf
|
| 650 |
|
7 |
|a Natural Disasters and Their Management
|2 imf
|
| 650 |
|
7 |
|a Political Economy
|2 imf
|
| 830 |
|
0 |
|a Policy Papers; Policy Paper ;
|v No. 2021/028
|
| 856 |
4 |
0 |
|z Full text available on IMF
|u http://elibrary.imf.org/view/journals/007/2021/028/007.2021.issue-028-en.xml
|z IMF e-Library
|